[Event "POR-chT2 final"]
[Site "Caldas da Rainha"]
[Date "2014.08.17"]
[Round "3.1"]
[White "Lorente Pupo, Ramon Miguel"]
[Black "Sousa, Ricardo Miguel Mora"]
[Result "1-0"]
[WhiteElo "2273"]
[BlackElo "2112"]
[PlyCount "85"]
[EventDate "2014.08.16"]
[EventType "team-tourn"]
[EventRounds "3"]
[EventCountry "POR"]
[SourceTitle "EXT 2018"]
[Source "ChessBase"]
[SourceDate "2017.10.13"]
[SourceVersion "1"]
[SourceVersionDate "2017.10.13"]
[SourceQuality "1"]
[WhiteTeam "Pedro Hispano"]
[BlackTeam "Santoantoniense"]
[WhiteTeamCountry "POR"]
[BlackTeamCountry "POR"]

1. Nf3 d6 2. d4 Nf6 3. c4 g6 4. Nc3 Bg7 5. e4 0-0 6. Be2 Nbd7 7. 0-0 e5 8. Be3 Re8 9. d5 Nc5 10. Nd2 a5 11. a3 Re7 12. b4 Na6 13. c5 Ne8 14. Nc4 h6 15. cxd6 Nxd6 16. Nxa5 f5 17. f3 f4 18. Bf2 Bf6 19. b5 Nb8 20. Nc4 b6 21. a4 Rg7 22. a5 bxa5 23. Nxa5 Bh4 24. Nc6 Rxa1 25. Qxa1 Bxf2+ 26. Rxf2 Nxc6 27. bxc6 g5 28. Nb5 g4 29. fxg4 Nxe4 30. Rf1 Qxd5 31. Qa8 Qc5+ 32. Kh1 Nf2+ 33. Rxf2 Qxf2 34. Qxc8+ Kh7 35. Bd3+ Rg6 36. Qxc7+ Kg8 37. Qd8+ Kf7 38. Qd7+ Kf8 39. Qf5+ Ke7 40. Qd7+ Kf8 41. Qd8+ Kg7 42. Qe7+ Kg8 43. Qe8+ 1-0

[Event "Granma Province-ch final"]
[Site "Bayamo"]
[Date "2010.11.22"]
[Round "9"]
[White "Lorente Pupo, Ramon Miguel"]
[Black "Guerrero Rosales, Rafael"]
[Result "1/2-1/2"]
[WhiteElo "2316"]
[BlackElo "2302"]
[PlyCount "124"]
[EventDate "2010.11.16"]
[EventType "tourn"]
[EventRounds "9"]
[EventCountry "CUB"]
[EventCategory "1"]
[SourceTitle "EXT 2019"]
[Source "ChessBase"]
[SourceDate "2018.10.10"]
[SourceVersion "1"]
[SourceVersionDate "2018.10.10"]
[SourceQuality "1"]

1. d4 d6 2. Nf3 g6 3. c4 Bg7 4. Nc3 e5 5. e4 Nc6 6. Bg5 f6 7. Be3 Nh6 8. dxe5 fxe5 9. c5 dxc5 10. Qxd8+ Kxd8 11. 0-0-0+ Bd7 12. Bxc5 Kc8 13. h3 a6 14. Bc4 Na5 15. Be2 Nf7 16. Nd5 Nc6 17. Bb6 cxb6 18. Nxb6+ Kc7 19. Rxd7+ Kxb6 20. Rxf7 Bh6+ 21. Kb1 Rad8 22. Bc4 Rdf8 23. Rd1 Rxf7 24. Bxf7 Bg7 25. Rd3 a5 26. Bd5 Nb4 27. Rb3 Kc7 28. Bxb7 Rd8 29. Bd5 Nxd5 30. exd5 Rxd5 31. Re3 Rb5 32. Ng5 Kd6 33. Ne4+ Ke6 34. g4 h5 35. Kc2 Bf8 36. Rc3 Rb6 37. Rc8 Be7 38. gxh5 gxh5 39. Rh8 Kf5 40. Ng3+ Kg6 41. Rxh5 Bc5 42. Rxe5 Bd4 43. Rxa5 Rxb2+ 44. Kd3 Bxf2 45. Ne4 Be1 46. Ra6+ Kg7 47. a4 Rb3+ 48. Ke2 Bh4 49. Ra7+ Kg6 50. Nd2 Rxh3 51. Nf3 Bf6 52. a5 Rh5 53. Kd3 Rh3 54. Ke4 Rh1 55. Kd5 Rf1 56. Ne5+ Kf5 57. Nc6 Rd1+ 58. Kc5 Ke6 59. Rb7 Rc1+ 60. Kb6 Kd6 61. Nb8 Bd8+ 62. Ka6 Bxa5 1/2-1/2

[Event "Granma Province-ch final"]
[Site "Bayamo"]
[Date "2010.11.19"]
[Round "5"]
[White "Lorente Pupo, Ramon Miguel"]
[Black "Leyva Rivera, Yunier"]
[Result "0-1"]
[WhiteElo "2316"]
[BlackElo "2384"]
[PlyCount "100"]
[EventDate "2010.11.16"]
[EventType "tourn"]
[EventRounds "9"]
[EventCountry "CUB"]
[EventCategory "1"]
[SourceTitle "EXT 2019"]
[Source "ChessBase"]
[SourceDate "2018.10.10"]
[SourceVersion "1"]
[SourceVersionDate "2018.10.10"]
[SourceQuality "1"]

1. d4 d5 2. c4 c6 3. Nc3 Nf6 4. e3 e6 5. Nf3 Nbd7 6. Qc2 Bd6 7. Bd3 dxc4 8. Bxc4 b5 9. Bd3 Bb7 10. 0-0 0-0 11. Rd1 Qb8 12. e4 e5 13. dxe5 Nxe5 14. Nxe5 Bxe5 15. h3 a6 16. a4 Rc8 17. Qb3 h6 18. Be3 Re8 19. Rac1 Bh2+ 20. Kh1 Bf4 21. Re1 Bxe3 22. Rxe3 Qf4 23. Kg1 Rad8 24. Rce1 Nd7 25. Bb1 Nc5 26. Qc2 Ne6 27. e5 g6 28. Rf3 Qd2 29. Qxd2 Rxd2 30. Ne4 Rxb2 31. Nf6+ Kf8 32. Nxe8 Kxe8 33. axb5 axb5 34. Ra3 c5 35. Ra2 Rb4 36. Bd3 Kd7 37. Rd1 Kc7 38. g3 Kb6 39. f4 Rd4 40. Kf2 Bd5 41. Raa1 Bb3 42. Rd2 c4 43. Rb1 Nc5 44. Ke3 Rxd3+ 45. Rxd3 cxd3 46. g4 Bc2 47. Rf1 b4 48. h4 b3 49. h5 gxh5 50. g5 hxg5 0-1

[Event "Granma Province-ch final"]
[Site "Bayamo"]
[Date "2010.11.17"]
[Round "3"]
[White "Lorente Pupo, Ramon Miguel"]
[Black "Sariego Figueredo, Wilfredo"]
[Result "0-1"]
[WhiteElo "2316"]
[BlackElo "2339"]
[PlyCount "74"]
[EventDate "2010.11.16"]
[EventType "tourn"]
[EventRounds "9"]
[EventCountry "CUB"]
[EventCategory "1"]
[SourceTitle "EXT 2019"]
[Source "ChessBase"]
[SourceDate "2018.10.10"]
[SourceVersion "1"]
[SourceVersionDate "2018.10.10"]
[SourceQuality "1"]

1. d4 d5 2. c4 dxc4 3. e4 e5 4. d5 Nf6 5. Nc3 c6 6. Bg5 Bb4 7. dxc6 Qxd1+ 8. Rxd1 Nxc6 9. Bxf6 gxf6 10. Bxc4 Be6 11. Bd5 Nd4 12. Nge2 Bxd5 13. exd5 Nxe2 14. Kxe2 Bxc3 15. bxc3 Rc8 16. Rd3 Rg8 17. Rb1 b6 18. g3 Rg4 19. f4 exf4 20. Rb4 f3+ 21. Kxf3 Rxc3 22. Rxc3 Rxb4 23. Rc8+ Kd7 24. Rh8 Ra4 25. Rxh7 Ke7 26. h4 Rxa2 27. h5 Ra5 28. Ke4 Ra4+ 29. Kf3 Rd4 30. Rh8 Rxd5 31. g4 Rd3+ 32. Kg2 f5 33. gxf5 Rd5 34. Kg3 Rxf5 35. Kg4 Kf6 36. Rg8 Rf1 37. Ra8 Ra1 0-1